Valencia CF Squad 2013-2014 - Statistics

General Stats
  • This quiz has been taken 11 times
  • The average score is 16 of 31
Answer Stats
# Position Nation Player % Correct
1 GK Brazil Diego Alves
100%
18 MF Mexico Andrés Guardado
78%
21 MF Spain Dani Parejo
78%
22 DF France Jérémy Mathieu
78%
8 MF Algeria Sofiane Feghouli
78%
17 FW Chile Eduardo Vargas
67%
10 MF Argentina Éver Banega
67%
4 DF Switzerland Philippe Senderos
67%
11 MF Mali Seydou Keita
67%
19 DF Spain Antonio Barragán
56%
7 FW Brazil Jonas
56%
2 FW Argentina Pablo Piatti
56%
16 FW Spain Paco Alcácer
56%
20 DF Portugal Ricardo Costa
56%
3 DF Portugal Rúben Vezo
56%
13 GK Spain Vicente Guaita
56%
4 DF France Adil Rami
44%
11 FW Colombia Dorlan Pabón
44%
9 FW Portugal Hélder Postiga
44%
15 MF Spain Javi Fuego
44%
12 DF Portugal João Pereira
44%
- Coach Serbia Miroslav Đukić
44%
23 MF Spain Sergio Canales
44%
28 FW Argentina Fede Cartabia
33%
- Coach Spain Juan Antonio Pizzi
33%
14 DF Spain Juan Bernat
33%
6 MF Spain Oriol Romeu
33%
25 FW Brazil Vinícius Araújo
33%
24 MF Spain Míchel Herrero
22%
5 DF Spain Víctor Ruiz
22%
- Coach Spain Nico Estévez
11%
No matching quizzes found
Score Distribution
Percent of People with Each Score
Percentile by Number Answered
Your Score History
You have not taken this quiz